000 01366 a2200361 4500
003 BJBSDDR
005 20250522133537.0
007 ta
008 020525s2022 sp 00| 0 spa d
020 _a9788466360371
020 _a8466360379
040 _bspa
_cBJBSDDR
041 _aspa
_heng
050 1 4 _a002 E 908
_bO12t 2022
100 1 _aObama, Barack,
_d1961-
_9497
240 1 0 _aPromised land.
_lEspañol
245 1 4 _aUna tierra prometida /
_cBarack Obama ; Traducción de Andrés Barba, Carmen M. Cáceres, Efrén del Valle, Marcos Pérez Sánchez, Francisco J. Ramos.
250 _aPrimera edición en Debolsilo
260 _aBarcelona :
_bDebolsillo,
_c2022.
300 _a905 páginas, 32 páginas de láminas sin numerar :
_bfotografías (blanco y negro y color) ;
_c22 cm.
490 1 _3Biblioteca Barack Obama
500 _aÍndice
600 1 4 _aObama, Barack,
_d1961-
_9497
651 4 _aEstados Unidos
_xPolítica y gobierno
_y2009-2017
_92561
700 1 _aBarba, Andrés,
_d1975-
_941865
_etraductor
700 1 _aCáceres, Carmen M.
_941866
_etraductor
700 1 _aDel Valle Peñamil, Efrén
_933043
_etraductor
700 1 _aPérez Sánchez, Marcos
_927603
_etraductor
700 1 _aRamos Mena, Francisco J.,
_d1957-
_98103
_etraductor
830 0 _aBiblioteca Barack Obama
_942192
942 _2lcc
_cBK
946 _idpf
999 _c123332
_d123332